| 000 | 00897nam a22002777a 4500 | ||
|---|---|---|---|
| 001 | 5374 | ||
| 003 | FISKH | ||
| 005 | 20241129111549.0 | ||
| 008 | 241129b cb ||||| |||| 00| 0 eng d | ||
| 020 | _a9780762437801 | ||
| 040 |
_aFISKH _beng _cFISKH _dFISKH |
||
| 082 | _a352.23 | ||
| 100 | _aFrey, Marc | ||
| 245 |
_aThe Big Book of U.S. Presidents / _cBy Marc Frey and Todd Davis |
||
| 260 |
_aLondon : _bRunning Press ; _c2008. |
||
| 300 |
_a56 pages : _bcolor illustrations ; _c31 cm . |
||
| 505 | _aZ | ||
| 520 | _aAn illustrated introduction to U.S. Presidents which includes portraits, nicknames, famous quotes, legends and achievements. | ||
| 521 | 8 |
_a1250
_bLexile |
|
| 521 | 8 |
_aZ
_bRaz-Plus |
|
| 650 |
_aAmerican history _vNon-fiction |
||
| 650 |
_asocial studies _vNon-fiction |
||
| 700 |
_aSipala, Frank _eillustrator |
||
| 942 |
_2ddc _cBK _n0 |
||
| 999 |
_c5374 _d5374 |
||